000 00546nam a2200181Ia 4500
001 25057
005 20260414151124.0
008 260414t2023||||xx |||||||||||||| ||spa||
041 _aESP
082 _a346.13
_bG67A
100 _aGonzales Loli, Jorge Luis,
_eAUT
245 0 _aEl saneamiento notarial y registral de área, linderos y medidas perimétricas de predios urbanos :
_bn enfoque desde la seguridad jurídica
260 _c2023
300 _a414 páginas :
_c25 cm.
650 _aDER
654 _aCDE
942 _cLIB
_dJUS
_fJUS
_2ddc
_n
999 _c25057
_d25057